|
|
|
|
| LEADER |
00000nam0a2200000 4500 |
| 001 |
622635 |
| 005 |
20241126063154.0 |
| 035 |
|
|
|a (RuTPU)RU\TPU\conf\21430
|
| 090 |
|
|
|a 622635
|
| 100 |
|
|
|a 20170629d2012 k y0rusy50 ca
|
| 101 |
0 |
|
|a rus
|
| 102 |
|
|
|a RU
|
| 105 |
|
|
|a y z 101zy
|
| 135 |
|
|
|a drcn ---uucaa
|
| 181 |
|
0 |
|a i
|
| 182 |
|
0 |
|a b
|
| 200 |
1 |
|
|a Историческая память, патриотизм и проблема национальной идентичности молодежи в год Российской истории
|e сборник научных трудов Всероссийской молодежной конференции, 27-28 сентября 2012 г., г. Томск
|f Национальный исследовательский Томский политехнический университет (ТПУ) ; под ред. Н. В. Трубниковой [и др.]
|
| 203 |
|
|
|a Текст
|c электронный
|
| 210 |
|
|
|a Томск
|c Изд-во ТПУ
|d 2012
|
| 300 |
|
|
|a Заглавие с экрана
|
| 330 |
|
|
|a В сборнике представлен широкий круг исследований студентов, преподавателей, аспирантов и молодых учёных Томска и ряда других городов России. Сборник посвящён теоретическим и практическим аспектам формирования исторической памяти молодежи, в том числе роли политических и социальных институтов в этом процессе. Особое внимание уделено вопросам патриотизма и национальной идентичности современной российской молодежи. Также затронуты проблемы перспективы развития Россия в ближайшем будущем.
|
| 606 |
|
|
|a Молодежь
|x Россия
|2 stltpush
|3 (RuTPU)RU\TPU\subj\44349
|
| 606 |
|
|
|a Россия
|x История
|7 ca
|8 rus
|2 stltpush
|3 (RuTPU)RU\TPU\subj\64777
|9 81526
|
| 610 |
1 |
|
|a электронный ресурс
|
| 610 |
1 |
|
|a труды учёных ТПУ
|
| 610 |
1 |
|
|a материалы конференций
|
| 610 |
1 |
|
|a история
|
| 610 |
1 |
|
|a историческая память
|
| 610 |
1 |
|
|a молодежь
|
| 610 |
1 |
|
|a патриотизм
|
| 610 |
1 |
|
|a патриотическое воспитание
|
| 610 |
1 |
|
|a политическая роль
|
| 610 |
1 |
|
|a социальные институты
|
| 610 |
1 |
|
|a национальная идентичность
|
| 610 |
1 |
|
|a воспитание
|
| 686 |
|
|
|a Ф75(2)л0
|2 rubbk
|
| 686 |
|
|
|a Т3(2)л0
|2 rubbk
|
| 702 |
|
1 |
|a Трубникова
|b Н. В.
|c историк
|c профессор Томского политехнического университета, доктор исторических наук
|f 1973-
|g Наталья Валерьевна
|3 (RuTPU)RU\TPU\pers\25444
|4 340
|
| 702 |
|
1 |
|a Гузаров
|b В. Н.
|c российский историк
|c доцент Томского политехнического университета, кандидат исторических наук
|f 1950-
|g Владимир Николаевич
|3 (RuTPU)RU\TPU\pers\25555
|4 340
|
| 702 |
|
1 |
|a Гузарова
|b Н. И.
|c историк
|c доцент Томского политехнического университета, кандидат исторических наук
|f 1955-
|g Надежда Ивановна
|3 (RuTPU)RU\TPU\pers\26631
|4 340
|
| 702 |
|
1 |
|a Иванова
|b М. В.
|c историк
|c доцент Томского политехнического университета, кандидат исторических наук
|f 1942-
|g Маргарита Викторовна
|3 (RuTPU)RU\TPU\pers\26637
|4 340
|
| 702 |
|
1 |
|a Штанько
|b М. А.
|c философ
|c доцент Томского политехнического университета, кандидат философских наук
|f 1976-
|g Марина Александровна
|3 (RuTPU)RU\TPU\pers\25569
|4 340
|
| 702 |
|
1 |
|a Гурьева
|b И. Ю.
|c историк
|c старший преподаватель Томского политехнического университета
|f 1959-
|g Ирина Юрьевна
|3 (RuTPU)RU\TPU\pers\26844
|4 340
|9 12463
|
| 712 |
1 |
2 |
|a Историческая память, патриотизм и проблема национальной идентичности молодежи в год Российской истории
|b конференция
|e Томск
|f 2012
|
| 712 |
0 |
2 |
|a Национальный исследовательский Томский политехнический университет (ТПУ)
|c (2009- )
|3 (RuTPU)RU\TPU\col\15902
|
| 801 |
|
2 |
|a RU
|b 63413507
|c 20170630
|g RCR
|
| 856 |
4 |
|
|u http://earchive.tpu.ru/handle/11683/41244
|
| 942 |
|
|
|c BK
|